00746naa#a2200181#i#4500001001600000005001700016011001400033100004100047102000700088200021600095210005600311215001000367608004500377675007000422700002800492700003000520856001400550RU\\bibl\12553720260702074054.4##a2782-4586##a20260630b2026####ek#y0rusy0150####ca##aRU1#aТрансформация подходов к формированию агроиндустриальных парков: российский и зарубежный опытeЖурнальная статья1#aМоскваcУниверситет ИТБОd2026##a5 с.##aЖурнальная статья2local##aТеория промышленной политики. 338.45.01#1aКозловаgО. А.#1aАлимбаевgР. Т.4#ajomeam.ru